[Event "Sofia MTel Masters 2nd"]
[Site "Sofia"]
[Date "2006.05.18"]
[Round "7"]
[White "Anand, Viswanathan"]
[Black "Topalov, Veselin"]
[Result "0-1"]
[WhiteElo "2803"]
[BlackElo "2804"]
[Annotator "Ftacnik,L"]
[PlyCount "122"]
[EventDate "2006.05.11"]
[EventType "tourn"]
[EventRounds "10"]
[EventCountry "BUL"]
[EventCategory "20"]
[SourceTitle "CBM 113"]
[Source "ChessBase"]
[SourceDate "2006.07.31"]
[SourceVersion "1"]
[SourceVersionDate "2006.07.31"]
[SourceQuality "1"]

1. e4 c5 2. Nf3 d6 3. d4 cxd4 4. Nxd4 Nf6 5. Nc3 a6 6. f3 e6 7. Be3 b5 8. Qd2
b4 {Topalov is showing remarkable skill at using provocative moves in sharp
Sicilian lines. Black has only one piece firmly developed, but he is the first
to start active operations.} 9. Na4 Nbd7 10. c4 {Facing Topalov´s invention
Anand is using a novelty enhancing the control of the center.} (10. O-O-O Qa5 (
10... d5 11. exd5 Nxd5 12. Bc4 Bb7 (12... N7f6 13. Bg5 Qc7 14. Bxd5 Nxd5 15.
Rhe1 Bb7 16. Qe2 Qd6 17. Kb1 h6 18. Bh4 Nf4 19. Qf2 Qc7 20. Nf5 $16 {0-1 Leko,
P (2763)-Topalov,V (2788)/San Luis 2005 (40)}) 13. Rhe1 Qa5 14. Nxe6 fxe6 15.
Bb6 Qxa4 16. Bxd5 Be7 17. Bxb7 Nxb6 18. Rxe6 O-O 19. Rxe7 Qxa2 20. Qd4 Rf6 21.
Bxa8 {1-0 Wang Hao (2519)-Nava,R (2317)/Instanbul 2005}) 11. b3 Bb7 12. a3 (12.
g4 Nc5 13. a3 Nxa4 14. axb4 Qc7 15. bxa4 Nd7 16. Nb3 d5 17. Na5 Rc8 18. c4 Ba8
19. c5 Nxc5 20. bxc5 Bxc5 21. Bxc5 Qb6 22. Nc4 Qxc5 23. Qd4 Ke7 24. Qxc5+ Rxc5
25. Be2 dxc4 $17 {0-1 Andreev,E (2470)-Sasikiran,K (2670)/Cappelle la Grande
2006 (47)}) 12... Qc7 13. axb4 d5 14. c4 dxe4 15. f4 (15. Kb2 Be7 16. Be2 O-O
17. Bf4 e5 18. Bg3 g6 19. Nc2 Rfd8 20. Qe3 Bc6 $11 {1-0 Motylev,A (2638)
-Cheparinov,I (2625)/Wijk aan Zee 2006 (42)}) 15... Nd5 16. Nc2 Nxe3 17. Qxe3
Be7 18. Rxd7 Qxd7 19. Nb6 Qc7 20. Nxa8 Bxa8 21. Be2 O-O $17 {1-0 Ponomariov,R 
(2738)-Grischuk,A (2719)/Sochi 2006 (32)}) (10. g4 h6 11. O-O-O Ne5 12. b3 Bd7
13. Nb2 Qa5 14. a4 d5 15. exd5 Nxd5 16. f4 Nxg4 17. Nc4 Qc7 18. f5 Ngxe3 19.
fxe6 Nxd1 20. exd7+ Qxd7 $19 {1-0 Fierro Baquero,M (2273)-Choisy,M (2152)/
Guingamp 2006 (29)}) (10. Bc4 Qa5 11. b3 Bb7 12. a3 d5 13. exd5 Nxd5 14. O-O
Nxe3 15. Qxe3 Qe5 16. Qd2 Qd6 17. f4 bxa3 18. Rad1 Nb6 19. Qa5 Nxc4 20. bxc4
Qb4 21. Qxb4 Bxb4 $17 {0-1 Ewaldt,M (2099)-Ftacnik,L (2612)/Hamburg 2005 (31)})
10... bxc3 11. Nxc3 (11. Qxc3 Bb7 12. Rc1 (12. Nc6 $6 Nxe4 $1 13. fxe4 (13.
Nxd8 Nxc3 14. Nxb7 Nxa4 15. b3 Nc3 16. Bd2 Nd5 17. Rc1 $13) 13... Qh4+ 14. Kd1
Rc8 $17) 12... Rc8 13. Qb3 Rxc1+ 14. Bxc1 Qb8 $11) 11... Bb7 12. Be2 (12. Bc4
d5 $5 13. exd5 Nb6 14. Bb3 Nfxd5 15. Nxd5 Bxd5 $11) 12... d5 $6 {The annotator
is probably crossing the silver line of praising the winner, but in my opinion
immediate opening of the center is too risky for Black. The lesser moratls
than Topalov would have preferred 12...Be7 finishing the development with
equal chances.} (12... Be7 13. O-O O-O 14. Rac1 (14. b4 d5 15. exd5 Bxb4 16.
dxe6 Nd5 17. e7 Nxe7 18. Rab1 Bxc3 19. Qxc3 Nd5 20. Qa3 Nxe3 21. Qxe3 Re8 $11)
14... Ne5 $11) 13. exd5 Nxd5 (13... Bxd5 14. O-O Bb7 15. Rac1 $14) 14. Nxd5
Bxd5 15. O-O (15. Rc1 Bd6 16. Nf5 Be5 17. O-O O-O 18. f4 Bf6 19. Rfd1 $14)
15... Qb8 $1 {In the post mortem Topalov was praising this move, that prepares
Bd6 and prevents b2-b4.} (15... Be7 16. Nf5 $5) 16. Nf5 $1 (16. f4 Bb4 17. Qc2
O-O 18. Rac1 Bc5 $11) 16... Qe5 17. Ng3 Bb4 $1 (17... Qxe3+ $6 18. Qxe3 Bc5 19.
Qxc5 Nxc5 20. Rfc1 Nb7 (20... Nd7 21. Bxa6 $1 $16) 21. Nh5 O-O 22. Nf4 $16) 18.
Qxb4 $6 {The first dubious decision by the great Indian player. It was much
better and safer to centralize the pieces, since Black still had to finish his
development.} (18. Qd4 $5 O-O 19. Ne4 Rfb8 20. Rfd1 $14) 18... Qxe3+ 19. Kh1
Rb8 $5 {[%mdl 4] Topalov deserves great praise for playing actively and
striving for win, the much more modest 19...Qb6 was good only for equality.} (
19... Qb6 20. Qa3 f5 (20... a5 21. Nh5 Qb4 22. Nxg7+ Kf8 23. Nh5 $14) 21. Nh5
Kf7 $11) 20. Qd6 (20. Qa4 $5 Rxb2 (20... h5 21. Rfe1 Qf2 22. Nf5 h4 23. h3 g6
$15) 21. Rac1 Ke7 $15) 20... Rb6 (20... Rxb2 $2 21. Rac1 $14 (21. Rfc1)) (20...
Qb6 21. Qxb6 Rxb6 22. Rac1 Ke7 $11) 21. Qc7 (21. Nf5 Qg5 $1 22. Rac1 $1 (22.
Qc7 exf5 $19) 22... Bb7 (22... Rxd6 23. Rc8+ Qd8 24. Rxd8+ Kxd8 25. Nxd6 Ke7
26. Nc4 Rc8 $15) 23. Qc7 exf5 24. Rcd1 (24. Rfe1 O-O 25. Qxd7 Rxb2 26. Rb1 Bc8
$17) 24... O-O 25. Rxd7 Rxb2 26. Qe5 $1 Qf6 27. Qxf6 gxf6 $17) 21... Rc6 (21...
Qc5 22. Qxc5 Nxc5 23. Rac1 Nb7 24. b3 $14) 22. Qb7 Rc2 $5 {Daring and
courageous it is Black who plays for a win out of the opening!} (22... Qb6 $11)
23. Qxa6 O-O 24. b3 $2 {It is hard to believe, that Anand has missed the
spirited move 24.Qa4! with an unclear position.} (24. Qa4 $1 Rc7 (24... Rxe2 $2
25. Nxe2 Nc5 26. Qd4 $16) (24... Rd2 $2 25. Qxd7 $18) 25. Bb5 Nf6 $13) (24. Qd3
$6 Qxd3 25. Bxd3 Rxb2 26. a4 Nc5 $15) 24... Ne5 (24... Ra8 25. Qd6 (25. Qd3
Qxd3 26. Bxd3 Rcxa2 27. Rxa2 Rxa2 $15) 25... Nf6 $5 $17) 25. Rae1 (25. f4 $2
Ng4 $1 (25... Nd3 26. Bf3 Nf2+ 27. Rxf2 Qxf2 $19) 26. Bf3 Nxh2 $19) 25... Qd2 (
25... Qf4 $5) (25... Ra8 $2 26. Bd1 $1 Qc5 (26... Qxe1 27. Qxa8+ Bxa8 28. Rxe1
Rc1 29. Rf1 $14) 27. Qxa8+ Bxa8 28. Bxc2 $16 Nxf3 $2 29. Rc1 $1 $18) 26. Rd1
Qf4 {Black is now exercising so much pressure, that the missing pawn does not
even deserve to be mentioned.} 27. Bb5 (27. Qa7 g6 $5 $44 (27... h5 28. Nxh5 $5
$13) (27... Nc6 $5) 28. Rd4 Qe3 $17) 27... h5 (27... Rxg2 $2 28. Rxd5 $1 (28.
Kxg2 $2 Bxf3+ 29. Kg1 Qe3+ 30. Rf2 Bxd1 $19) 28... Rxg3 29. hxg3 Qxg3 30. Rd2
Nxf3 31. Qd6 $16) 28. Ne2 (28. Nxh5 $6 Qh4 $1 29. Rxd5 (29. Ng3 $2 Ng4 $19)
29... exd5 30. Ng3 Qf4 $17) 28... Qe3 29. a4 (29. Nd4 Rxg2 $5 (29... Rd2 30.
Rxd2 Qxd2 31. Nc6 Ng6 $5 $44) 30. Kxg2 Ra8 31. Qd6 Rxa2+ 32. Kh3 $13) 29... Rb2
(29... h4 30. h3) (29... Nxf3 $2 30. Rxd5 $1 Nxh2 31. Kxh2 exd5 32. Rf5 $13)
30. Qd6 (30. Ng1 $2 Ng4 $1 31. Nh3 (31. Rxd5 Nf2+ 32. Rxf2 Qxf2 33. Rg5 Rb1 $19
) 31... Qe5 $1 $19) 30... Rc8 31. Rde1 Nxf3 $5 32. gxf3 {Anand must have been
a bit tired of the need to defend very carefuly against myriad of dangers, so
he missed possibly better defense with 32.Rxf3!?} (32. Qg3 $2 Nxe1 $1 33. Qxe3
Nxg2 34. Qg3 $8 Nf4+ 35. Kg1 Nxe2+ 36. Bxe2 Rxe2 37. Re1 Rb2 $19) (32. Rxf3 $5
Bxf3 33. Qg3 Bxg2+ 34. Kxg2 (34. Qxg2 Qxb3 $17) 34... Qe4+ 35. Qf3 (35. Kg1 h4
36. Qf4 Qg6+ 37. Kh1 h3 $17) 35... Qxf3+ 36. Kxf3 Rxb3+ 37. Kf2 g5 $15) 32...
Bxf3+ 33. Rxf3 Qxf3+ 34. Kg1 Qe3+ 35. Kf1 Qf3+ (35... Rc5 36. Qd8+ Kh7 37. Bd3+
$1 (37. Qd3+ $4 Rf5+ $19) 37... f5 38. Qh4 Qf3+ 39. Kg1 Re5 40. Rf1 $11) 36.
Kg1 Qxb3 37. Qe5 Rd8 38. Qc3 Qxc3 39. Nxc3 h4 40. Re4 Rb3 {White pieces are
pretty loose and there is no counterplay.} 41. Ne2 (41. Rc4 Rd2 $17) 41... g5
42. Re5 Rd5 43. Rxd5 exd5 44. Bc6 Ra3 45. Nd4 (45. Bxd5 Rxa4 $17) 45... Kg7 46.
Bxd5 Rd3 47. Nf5+ Kf6 48. Be4 Rd1+ 49. Kg2 Rd2+ 50. Kf3 (50. Kg1 Ke5 $19) 50...
Rxh2 51. Ne3 Ra2 52. Bc6 Ra3 {Black now has too many passed pawns and White is
still unable to fully coordinate his pieces.} 53. Kf2 Ra1 54. Bd7 Ke5 55. Kf3
Ra3 56. Kf2 Ke4 57. Bc6+ (57. Ng2 h3 58. Bc6+ Kd4 $19) 57... Kf4 58. Ng2+ Ke5
59. Ne3 Ra2+ 60. Kf3 f5 61. Bd7 h3 (61... h3 62. Nxf5 h2 63. Ng3 Ra3+ 64. Kg2
Rxg3+ 65. Kxh2 Kf4 $19) 0-1

[Event "Olympiad-36"]
[Site "Mallorca"]
[Date "2004.10.17"]
[Round "3"]
[White "Lutz, Christopher"]
[Black "Sammalvuo, Tapani"]
[Result "1-0"]
[WhiteElo "2596"]
[BlackElo "2438"]
[Annotator "Ftacnik,L"]
[PlyCount "61"]
[EventDate "2004.10.15"]
[EventType "team-swiss"]
[EventRounds "14"]
[EventCountry "ESP"]
[SourceTitle "CBM 104"]
[Source "ChessBase"]
[SourceDate "2005.01.27"]
[SourceVersion "1"]
[SourceVersionDate "2005.01.27"]
[SourceQuality "1"]
[WhiteTeam "Germany"]
[BlackTeam "Finland"]
[WhiteTeamCountry "GER"]
[BlackTeamCountry "FIN"]

1. e4 c5 2. Nf3 d6 3. d4 cxd4 4. Nxd4 Nf6 5. Nc3 a6 6. Be3 e6 7. f3 b5 8. g4 h6
9. Qd2 Nbd7 10. O-O-O Bb7 11. h4 b4 12. Na4 d5 13. Bh3 Qa5 14. b3 dxe4 15. g5
hxg5 16. hxg5 exf3 17. Nxe6 $5 $146 {[%mdl 4] Sammalvuo has prepared this line
for the Olympiad, but Lutz has done his homework too. The whole system might
have a future as the position is extremely rich.} (17. gxf6 Nxf6 18. Qe1 Qe5
19. Nb6 f2 20. Qxf2 Bxh1 21. Rxh1 Ng4 22. Qg2 Qxe3+ 23. Kb1 Rc8 24. Qb7 Qxd4
25. Qxc8+ Ke7 26. Qb7+ Kf6 (26... Ke8 27. Qc6+ Kd8 28. Qc8+ Ke7 $11) 27. Rf1+
Kg5 28. Bxg4 $16 {1/2-1/2 Perunovic,M-Sammalvuo,T/Mallorca 2004/ (41)}) 17...
fxe6 18. Bxe6 Rxh1 (18... Qe5 19. Bxd7+ Kf7 20. Bd4 $18) 19. Bxd7+ Kf7 (19...
Kd8 20. Bb6+ (20. Bb5+ Kc7 21. Bf4+ Kc8 22. Bd7+ Kd8 23. Be6+ Ke8 24. Rxh1 $16)
20... Qxb6 21. Nxb6 Ne4 22. Qf4 Rxd1+ 23. Kxd1 Bd6 24. Qf7 $18) 20. Rxh1 Ne4 (
20... f2 21. Rd1 Ne4 22. Qe2 Bd6 $13) 21. g6+ (21. Qd3 Qe5 22. Bd4 Qxg5+ 23.
Kb2 Nf6 $15) 21... Kxg6 (21... Ke7 22. Qd4 Qd5 23. Qxd5 $1 (23. Qxb4+ Kxd7 24.
Nb6+ Ke6 25. Nxd5 Bxb4 26. Nxb4 Ng3 $11) 23... Bxd5 24. Nb6 Rd8 25. Rh5 Be6 26.
Re5 Rxd7 27. Rxe4 (27. Nxd7 Kxd7 28. Rxe4 Bd6 29. Rd4 $14) 27... Rb7 28. Rxb4
$16) 22. Qh2 {White must try to succeed in the attack, othewise Black will
enjoy bright prospects.} Kf7 (22... f2 23. Qg2+ Kf7 24. Qf3+ Ke7 25. Bf5 Qd5 (
25... Qe5 26. Bg5+ $18) 26. Nb6 Qc6 27. Nxa8 Nf6 28. Qxc6 Bxc6 29. Rf1 $16) 23.
Qf4+ Nf6 (23... Ke7 24. Bf5 $18) 24. Nb6 Be4 (24... Qxa2 25. Bd4 Rd8 26. Bxf6
gxf6 27. Qc4+ $18) 25. Kb2 (25. Bd4 $1 Qxa2 26. Rh2 Rd8 27. Qc7 $16) 25... g5 (
25... Rd8 26. Nc4 g5 27. Ne5+ Ke7 28. Qxg5 Qc7 $11) 26. Qc7 Ra7 $2 {Clever
idea, but most likely it is decisive mistake. Position was full of life for
Black after the natural move 26...Be7!} (26... Be7 $1 27. Bc6 (27. Nxa8 Qxc7
28. Nxc7 Nxd7 29. Nxa6 g4 $15) 27... Bxc6 28. Qxc6 Rb8 $11) 27. Qc4+ (27. Qxa7
Qe5+ 28. Kb1 Bxc2+ 29. Kxc2 Qc3+ 30. Kd1 Qd3+ 31. Bd2 Qb1+ 32. Bc1 Qd3+ $11)
27... Kg6 (27... Kg7 28. Bd4 Qxb6 29. Bxb6 Rxd7 30. Bd4 $16) 28. Bd4 Bg7 (28...
f2 29. Be8+ Kg7 (29... Nxe8 30. Qe6+ Nf6 31. Qxf6#) 30. Rf1 $18) 29. Qe6 Rxd7
30. Nxd7 f2 (30... Qf5 31. Ne5+ Qxe5 32. Bxe5 $18) 31. Nf8+ $1 (31. Nf8+ $1
Bxf8 32. Qxf6#) 1-0

[Event "Buenos Aires zt 2.5"]
[Site "Buenos Aires"]
[Date "2000.??.??"]
[Round "1"]
[White "Spangenberg, Hugo"]
[Black "Vasquez Schroder, Rodrigo Rafael"]
[Result "0-1"]
[WhiteElo "2542"]
[BlackElo "2454"]
[Annotator "Ftacnik,L"]
[PlyCount "78"]
[EventDate "2000.07.26"]
[EventType "swiss"]
[EventRounds "9"]
[EventCountry "ARG"]
[SourceTitle "CBM 079"]
[Source "ChessBase"]
[SourceDate "2000.11.21"]
[SourceVersion "1"]
[SourceVersionDate "2000.11.21"]
[SourceQuality "1"]

1. e4 c5 2. Nf3 d6 3. d4 cxd4 4. Nxd4 Nf6 5. Nc3 a6 6. g3 e6 7. Bg2 Bd7 8. O-O
Nc6 9. a4 Be7 10. Nb3 b6 11. f4 O-O 12. g4 g6 13. Be3 Rb8 14. h3 b5 15. Qe2 (
15. axb5 $5 axb5 16. Qd3 b4 17. Ne2 e5 18. f5 $14) 15... bxa4 16. Nxa4 (16.
Rxa4 Nb4 17. Raa1 Qc7) 16... Qc7 17. Nc3 (17. Qxa6 $2 Nb4 18. Qa7 Qxa7 19. Bxa7
Nxc2 $15) 17... Nb4 18. Qf2 Bc6 19. Nd4 Ba8 20. f5 (20. g5 $1 Nd7 21. f5 e5 22.
f6 Bxf6 23. gxf6 exd4 24. Bxd4 $14) 20... e5 21. Nb3 (21. fxg6 exd4 22. gxh7+
Nxh7 23. Bxd4 Bg5 $15) 21... d5 $1 {Black was well prepared for a timely
counterplay in the center as a form of defense against the kingside attack.}
22. exd5 (22. Bh6 $5 Nxe4 $1 (22... Rfd8 23. fxg6 fxg6 24. exd5 $16) 23. Bxe4 (
23. Nxe4 dxe4 24. f6 Bd6 25. Bxf8 Bxf8 $15) 23... dxe4 24. Bxf8 Bxf8 25. fxg6
hxg6 26. Rfe1 Nxc2 27. Qxc2 Qb6+ $13) 22... Nfxd5 23. Bh6 (23. Nxd5 Bxd5 24. f6
Bd6 25. Bxd5 Nxd5 26. Rxa6 Rxb3 27. cxb3 Nxe3 28. Rxd6 Nxf1 29. Rd3 $14) 23...
Nf4 $1 24. Bxf4 (24. Bxf8 $2 Bxf8 $19) 24... exf4 25. Bxa8 Rxa8 26. Qxf4 $2 (
26. Rad1 $1 Rad8 27. Rd4 Rxd4 28. Nxd4 Bc5 $15) 26... Qxf4 27. Rxf4 Nxc2 28.
Raa4 (28. Rd1 Rfb8 $17) 28... Rab8 {[%mdl 4096] Spangerberg now fights with
many problems, his pawn are all exposed, black's bishop is stronger than the
knight and nakendness of white's knight doen#t help either.} 29. Nd5 (29. Rf2
Rxb3 30. Rxc2 Rfb8 $11) 29... Bg5 30. Rf3 (30. Rf2 Ne3 31. Nb4 gxf5 32. gxf5
Rfd8 $17) 30... Rfd8 31. Ra5 (31. Nf4 Rd1+ 32. Kf2 Ne1 33. Rc3 Rb1 $17) 31...
Be3+ $1 32. Nxe3 Rxb3 33. Re5 (33. Kf2 Rd2+ 34. Kg3 Nxe3 $19) 33... f6 34. Re4
gxf5 35. gxf5 Rdd3 36. Kf2 (36. Nxc2 Rxf3 37. Nd4 Rg3+ 38. Kf2 Rbd3 $19) 36...
Nd4 37. Rg3+ Kf8 38. Rgg4 (38. Reg4 Rxb2+ 39. Kg1 (39. Kf1 Rb1+ 40. Kg2 Rd2#)
39... Ne2+ $19) 38... Rxb2+ 39. Kg3 Nxf5+ 0-1

[Event "Hastings 9394"]
[Site "Hastings"]
[Date "1993.??.??"]
[Round "8"]
[White "Barua, Dibyendu"]
[Black "Arakhamia Grant, Ketevan"]
[Result "1-0"]
[WhiteElo "2510"]
[BlackElo "2440"]
[Annotator "Ftacnik,L"]
[PlyCount "81"]
[EventDate "1993.12.??"]
[EventType "tourn"]
[EventRounds "9"]
[EventCountry "ENG"]
[EventCategory "12"]
[SourceTitle "CBM 039"]
[Source "ChessBase"]
[SourceDate "1994.04.01"]
[SourceVersion "1"]
[SourceVersionDate "1994.04.01"]
[SourceQuality "1"]

1. e4 c5 2. Nf3 e6 3. d4 cxd4 4. Nxd4 Nf6 5. Nc3 d6 6. g3 Be7 7. Bg2 a6 8. O-O
O-O 9. a4 Qc7 10. a5 Nc6 11. Nb3 Ne5 (11... b5 12. axb6 Qxb6 13. Be3 $14) 12.
h3 Rb8 13. f4 (13. Be3 Nc4) 13... Nc4 14. Qe2 Nd7 15. Kh2 Bf6 16. Rf3 b5 $1 17.
axb6 Ndxb6 18. Rd3 Re8 19. Nd1 Bb7 20. Nd4 e5 $1 21. Nf5 d5 22. Nf2 (22. exd5
e4 (22... exf4 23. Bxf4 Rxe2 24. Bxc7 Nxd5 (24... Rc8 25. Bxb6 Nxb6 26. Nfe3
Nxd5 27. Rxd5 Bxd5 28. Nxd5 Rcxc2 29. N1e3 Rxb2 30. Rxa6 $14) 25. Bxb8 Nb4 26.
Nde3 Nxe3 27. Nxe3 Nxd3 28. cxd3 Bd4 29. Kh1 Rxb2 30. Bxb7 Rxb7 31. Rxa6 Rxb8
$15) 23. Bxe4 Bxd5 24. Nf2 Nxb2 (24... Qb7 25. Bxd5 Rxe2 26. Bxb7 Rxb7 27. Kg2
Rxc2 28. b3 $5) 25. Bxb2 Bxb2 $17) 22... exf4 23. Bxf4 Be5 24. Qg4 g6 25. exd5
Bxf4 26. gxf4 Bc8 $5 (26... Nxb2 $5) 27. Nh6+ Kg7 28. Qh4 f5 29. Rc3 Qc5 (29...
Qe7 30. Qg5 (30. Qxe7+ Rxe7 31. b3 Nd2 $17) 30... Nxb2) 30. Nd3 Qd4 31. Re1 Bd7
32. Rb3 Ne3 $6 (32... Qf6 33. Qg5 $5) 33. Rb4 Nbc4 $2 34. Rxb8 Rxb8 35. b3 $1
Nb6 (35... Nxg2 $5 36. Re7+ Kh8 37. Kxg2 $1 (37. Nf7+ Kg8 38. Nh6+ $10) 37...
Qxd5+ 38. Kg3 Bc6 39. Qf6#) 36. Qe7+ Kxh6 37. Qxe3 Qc3 38. Qe7 Re8 39. Qg5+ Kg7
40. Rxe8 Bxe8 41. Qe7+ (41. Qe7+ Bf7 42. Ne5 $18) 1-0

[Event "Linares 18th"]
[Site "Linares"]
[Date "2001.03.03"]
[Round "7"]
[White "Polgar, Judit"]
[Black "Kasparov, Garry"]
[Result "1/2-1/2"]
[WhiteElo "2676"]
[BlackElo "2849"]
[Annotator "Ftacnik,L"]
[PlyCount "69"]
[EventDate "2001.02.23"]
[EventType "tourn"]
[EventRounds "10"]
[EventCountry "ESP"]
[EventCategory "19"]
[SourceTitle "CBM 082"]
[Source "ChessBase"]
[SourceDate "2001.05.17"]
[SourceVersion "1"]
[SourceVersionDate "2001.05.17"]
[SourceQuality "1"]

1. e4 c5 2. Nf3 d6 3. d4 cxd4 4. Nxd4 Nf6 5. Nc3 a6 6. Be3 e6 7. f3 b5 8. Qd2
Nbd7 9. O-O-O Bb7 10. g4 Nb6 11. Qf2 Nfd7 12. Bd3 Rc8 13. Nce2 Be7 14. h4 (14.
Kb1 O-O 15. g5 d5 16. g6 hxg6 17. h4 Nc4 18. Bxc4 Rxc4 19. h5 g5 20. b3 Rc8 21.
f4 dxe4 22. fxg5 Bxg5 23. Rhg1 {1-0 Conquest,S-Yakovich,Y/Saint Vincent/2000/ 
(38)}) 14... O-O (14... Nc5 15. Kb1 Qc7 16. Bg5 Nba4 17. Bxe7 Qxe7 18. g5 O-O
19. Ng3 f6 20. Nh5 {1-0 Polgar,J-Svidler,P/Cannes/2001/ (62)}) 15. Kb1 Na4 (
15... d5 16. g5 dxe4 17. fxe4 Nc4 18. Bc1 Qb6 19. Qg2 Nde5 20. h5 Rfd8 21. Bxc4
Rxc4 22. Be3 {1-0 Adams,M-Georgiev,K/Elenite/1993/ (32)}) 16. g5 Ndc5 (16... d5
17. exd5 Bxd5 18. Nf4 Ndc5 19. Nb3 Nxd3 20. Rxd3 Qd7 21. Rhd1 Rfd8 {1/2-1/2
Nevednichy,V-Badea,B/Bucharest/1994/ (37)}) 17. Ng3 (17. Qg3 Qc7 18. Rd2 Rfe8
19. h5 Bf8 20. g6 fxg6 21. hxg6 h6 22. Qh2 {1-0 Grischuk,A-Georgiev,K/Mulhouse/
2001/ (43)}) 17... Qc7 18. Nb3 (18. h5 d5 $15) 18... d5 19. e5 (19. exd5 Nxd3
20. Rxd3 Bxd5 $15) 19... Qxe5 20. Bd4 Qc7 21. f4 Ne4 (21... Rfd8 22. Nxc5 Nxc5
23. h5 $13) 22. Bxe4 $2 {Only this move tilts the balance towards black's
advantage, Polgar could have fought for a full compensation with 22.Qe3.} (22.
Qe3 Bd6 23. Nh5 e5 24. fxe5 Bxe5 25. Rhf1 $44) 22... dxe4 23. Rhe1 Bd6 (23...
f5 24. Nh5 Rf7 25. Be5 $13) 24. Nh5 e5 25. c3 $1 f6 (25... exd4 26. Qxd4 f5 27.
Qxd6 (27. gxf6 $2 Rfd8 28. fxg7 Be7 $1 (28... Bxf4 29. Qf6 $16) 29. Nf6+ Bxf6
30. Qxf6 Re8 $19) 27... Qxd6 28. Rxd6 Rfd8 29. Rxd8+ Rxd8 30. Nd4 Rd5 $15) 26.
gxf6 (26. Nxg7 $2 Qxg7 27. gxf6 Qxf6 28. Qg3+ Qg6 29. Qxg6+ hxg6 $19) 26...
exd4 (26... Nxb2 $6 27. Qxb2 exd4 28. Nxd4 $13) 27. Nxd4 g6 $2 {[%mdl 256] The
defense is difficult art even for the world's best players, Kasparov misses
the great shot 27...Ba3!!} (27... Nc5 28. Rg1 Rf7 29. Nxg7 Kh8 30. Nde6 $40) (
27... Ba3 $3 28. Rg1 (28. fxg7 Rf7) (28. Ne6 Qf7 29. Nxf8 Bxb2 30. Re3 (30.
fxg7 $2 Nxc3+ 31. Kxb2 Qxa2+ 32. Kc1 Ne2#) 30... Nxc3+ 31. Rxc3 Bxc3 32. fxg7
Qxh5 $19) 28... g6 29. f5 Bxb2 30. fxg6 Nxc3+ 31. Kxb2 Nxd1+ 32. Rxd1 hxg6 33.
Qg2 Kh7 $19) 28. f5 $1 (28. Ne6 Qc6 29. Nxf8 Bxf8 30. Ng3 Ba3 $19) 28... gxh5 (
28... gxf5 $2 29. Qg1+ Kf7 30. Nxf5 $18) 29. Ne6 Nxc3+ (29... Qb8 $2 30. Qg1+
Bg3 31. Re3 Rxf6 32. Rxg3+ Kh8 33. Rg7 $18) (29... Qd7 $2 30. Qg2+ Kf7 31. Qg7+
Ke8 32. Nxf8 $18) 30. bxc3 (30. Ka1 $2 Qa5 31. bxc3 Qxc3+ 32. Kb1 Rc4 $19)
30... Qxc3 31. Rxd6 {Now black will have to be content with a perpetual, as
his king on g8 is far from safe.} (31. Qg2+ Bg3 $17) 31... Qb4+ 32. Ka1 Qc3+ (
32... Qxd6 $2 33. Qg2+ Kf7 34. Qg7+ Ke8 35. Qxb7 Rb8 36. Qxe4 $18) 33. Kb1 Qb4+
34. Ka1 Qc3+ 35. Kb1 1/2-1/2